000 00557nam a2200181Ia 4500
005 20250508152723.0
008 008 250505s9999 xx 000 0 eng d
037 _aTextual
040 _aFEDL
_beng
_cFEDL
041 _aeng
_2eng
084 _a671, IRV
_qFEDL
100 _aIrving Richard
_9762220
245 0 _aMetal work step by step, Book 2: Sheet metal work: tools. processes. introductory jobs
260 _aLondon, UK
_bFrederick Warne and Co Ltd
_c1960
300 _a65-128p
942 _cTEXL
_h671, IRV
999 _c1338304
_d1338304